Score 0/24 Timer 06:00
15 Plays Today
Clue Answer % Correct
Which soft drink's production was halted in Venezuela due to a shortage of sugar? Coca-Cola
82%
In the UK, 51.9% of voters voted in favor of leaving which politico-economic organization?European Union
76.2%
Which Chinese animal was removed from the endangered species list?Giant Panda
75.4%
Donald Trump introduced which Indiana governor as his vice presidential running mate?Mike Pence
73.8%
Which singer died shortly after the release of his Blackstar album?David Bowie
73.5%
Which Leonardo DiCaprio movie received 12 Oscar nominations?The Revenant
73.1%
Which former First Lady died at the age of 94?Nancy Reagan
72.6%
Which politician was taken ill at the memorial for 9/11?Hillary Clinton
66.8%
Which team won baseball's World Series for the first time in over one hundred years?Chicago Cubs
65.5%
Which singer/songwriter was named as the Nobel literature prize winner?Bob Dylan
56.9%
Recep Erdogan survived a failed coup in which country?Turkey
55.1%
Boko Haram released 21 kidnapped girls in which country?Nigeria
54.3%
Clue Answer % Correct
Which president ordered his country's military to withdraw most of its forces from Syria?Vladimir Putin
49.7%
Which US Secretary of State made a diplomatic visit to Hiroshima?John Kerry
49.7%
Which fast food company is to move its international headquarters from Luxembourg to Britain?McDonald's
48.1%
Which US astronaut died at the age of 95?John Glenn
47.8%
Which Olympian faked being robbed in Rio?Ryan Lochte
47.5%
Max Verstappen won his first Formula 1 race. What nationality is he?Belgian-Dutch
47.4%
Which tennis player became world number one for the first time at age 29?Andy Murray
41%
Which country's legislators voted to begin the impeachment of Dilma Rousseff?Brazil
40.3%
Which Facebook-owned app announced 1 billion users worldwide?WhatsApp
31.3%
The world's first vaccine against leprosy was developed in which country?India
21.7%
Which video game removed all gender restrictions from its character creation screen?The Sims 4
20.1%
Hilda Heine became president of which Oceanic country?Marshall Islands
16.5%
Remove Ads.
Support Sporcle.
Get the best of Sporcle when you Go Orange. This ad-free experience offers more features, more stats, and more fun while also helping to support Sporcle. Thank you for becoming a member.

You're not logged in!

Compare scores with friends on all Sporcle quizzes.
OR
Log In

Show Comments

Extras

Top Quizzes Today


Score Distribution

Your Account Isn't Verified!

In order to create a playlist on Sporcle, you need to verify the email address you used during registration. Go to your Sporcle Settings to finish the process.

Report this User

Report this user for behavior that violates our Community Guidelines.

Details: